00723nam a2200229 a 4500001001300000003000900013005001700022008004100039020002300080082001500103100002800118245005000146260004900196300001000245500003500255650002500290700002800315902000800343942000700351952011800358999001700476nice12345678IN_TiNIC20260116014953.0140108s1997 alba grp 000 0 eng  a0791433943 c20000a306.6bSMI aWilfred, Cantwelljohn W aModern Culture from a Comparative Perspective aAlbany bState University of New York c1997 a174p  aincludes index and biblioraphy aReligion and Culture1 aWilfred, Cantwelljohn W bSRS cBK 001040708StackRoom-aHMIbHMId2014-01-08g200.00l0o306.6 SMIp11002702r2014-01-08v200.00w2014-01-08yBK c17770d17770